Dialogues of philosophies, religions and civilizations in the era of globalization / (Record no. 118429)
[ view plain ]
| 000 -LEADER | |
|---|---|
| fixed length control field | 01907cam a22003854a 4500 |
| 001 - CONTROL NUMBER | |
| control field | 14735357 |
| 003 - CONTROL NUMBER IDENTIFIER | |
| control field | ARRUPE |
| 005 - DATE AND TIME OF LATEST TRANSACTION | |
| control field | 20131023170939.0 |
| 008 - FIXED-LENGTH DATA ELEMENTS--GENERAL INFORMATION | |
| fixed length control field | 070215s2007 cc b 101 0 eng |
| 010 ## - LIBRARY OF CONGRESS CONTROL NUMBER | |
| LC control number | 2007006771 |
| 020 ## - INTERNATIONAL STANDARD BOOK NUMBER | |
| International Standard Book Number | 9781565182431 (pbk.) |
| 020 ## - INTERNATIONAL STANDARD BOOK NUMBER | |
| International Standard Book Number | 156518243X (pbk.) |
| 035 ## - SYSTEM CONTROL NUMBER | |
| System control number | (OCoLC)85018659 |
| 040 ## - CATALOGING SOURCE | |
| Original cataloging agency | DLC |
| Transcribing agency | DLC |
| Modifying agency | BTCTA |
| -- | C#P |
| -- | DLC |
| 050 00 - LIBRARY OF CONGRESS CALL NUMBER | |
| Classification number | B799 |
| Item number | .D53 2007 |
| 300 ## - PHYSICAL DESCRIPTION | |
| Dimensions | 23 cm. |
| 245 00 - TITLE STATEMENT | |
| Title | Dialogues of philosophies, religions and civilizations in the era of globalization / |
| Statement of responsibility, etc | edited by Zhao Dunhua. |
| 260 ## - PUBLICATION, DISTRIBUTION, ETC. (IMPRINT) | |
| Place of publication, distribution, etc | [Peking] : |
| Name of publisher, distributor, etc | Department of Philosophy, Peking University ; |
| Place of publication, distribution, etc | Washington, D.C. : |
| Name of publisher, distributor, etc | The Council for Research in Values and Philosophy, |
| Date of publication, distribution, etc | c2007. |
| 300 ## - PHYSICAL DESCRIPTION | |
| Extent | xii, 326 p. ; |
| 490 1# - SERIES STATEMENT | |
| Series statement | Cultural heritage and contemporary change. Series III, Asia ; |
| Volume number/sequential designation | v. 25 |
| 490 1# - SERIES STATEMENT | |
| Series statement | Chinese philosophical studies ; |
| Volume number/sequential designation | 25 |
| 500 ## - GENERAL NOTE | |
| General note | "This book is edited from the Proceeding of the Philosophy Session ont he 2005 Beijing Forum"--P. [vii]. |
| 504 ## - BIBLIOGRAPHY, ETC. NOTE | |
| Bibliography, etc | Includes bibliographical references and index. |
| 505 0# - FORMATTED CONTENTS NOTE | |
| Formatted contents note | Dialogue between Eastern and Western philosophies -- Dialogue between Confucianism and Christianity -- Dialogue between Islamic and Western civilizations. |
| 650 #0 - SUBJECT ADDED ENTRY--TOPICAL TERM | |
| Topical term or geographic name as entry element | Philosophy, Comparative |
| Form subdivision | Congresses. |
| 9 (RLIN) | 2858 |
| 650 #0 - SUBJECT ADDED ENTRY--TOPICAL TERM | |
| Topical term or geographic name as entry element | Philosophy, Modern |
| Chronological subdivision | 20th century |
| Form subdivision | Congresses. |
| 9 (RLIN) | 2859 |
| 650 #0 - SUBJECT ADDED ENTRY--TOPICAL TERM | |
| Topical term or geographic name as entry element | Religions |
| Form subdivision | Congresses. |
| 9 (RLIN) | 2860 |
| 650 #0 - SUBJECT ADDED ENTRY--TOPICAL TERM | |
| Topical term or geographic name as entry element | Comparative civilization |
| Form subdivision | Congresses. |
| 9 (RLIN) | 2861 |
| 700 1# - ADDED ENTRY--PERSONAL NAME | |
| Personal name | Dunhua, Zhao. |
| 9 (RLIN) | 2862 |
| 830 #0 - SERIES ADDED ENTRY--UNIFORM TITLE | |
| Uniform title | Cultural heritage and contemporary change. |
| Number of part/section of a work | Series III |
| Name of part/section of a work | Asia ; |
| Volume number/sequential designation | v. 25. |
| 9 (RLIN) | 2863 |
| 830 #0 - SERIES ADDED ENTRY--UNIFORM TITLE | |
| Uniform title | Chinese philosophical studies ; |
| Volume number/sequential designation | 25. |
| 9 (RLIN) | 2864 |
| 856 41 - ELECTRONIC LOCATION AND ACCESS | |
| Materials specified | Table of contents only |
| Uniform Resource Identifier | <a href="http://www.loc.gov/catdir/toc/ecip0711/2007006771.html">http://www.loc.gov/catdir/toc/ecip0711/2007006771.html</a> |
| 906 ## - LOCAL DATA ELEMENT F, LDF (RLIN) | |
| a | 7 |
| b | cbc |
| c | orignew |
| d | 1 |
| e | ecip |
| f | 20 |
| g | y-gencatlg |
| 942 ## - ADDED ENTRY ELEMENTS (KOHA) | |
| Source of classification or shelving scheme | Library of Congress Classification |
| Koha item type | Monograph ( Printed materials) |
| Withdrawn status | Lost status | Source of classification or shelving scheme | Damaged status | Not for loan | Home library | Current library | Shelving location | Date acquired | Total Checkouts | Full call number | Barcode | Date last seen | Date checked out | Price effective from | Koha item type |
|---|---|---|---|---|---|---|---|---|---|---|---|---|---|---|---|
| Library of Congress Classification | ARRUPE LIBRARY | ARRUPE LIBRARY | Main Collection | 23/10/2013 | 1 | B799 .D53 2007 | 46410537 | 06/04/2017 | 28/03/2017 | 23/10/2013 | Monograph ( Printed materials) |